000 00558nam a22001817a 4500
003 CL-SaCFP
005 20260427170935.0
008 260427b |||||||| |||| 00| 0 spa d
020 _a9788420548449
040 _cCL
082 _a658.812 H816s 2006
100 _aHorovitz, Jacques
_96923
245 _aLos secretos del servicio al cliente.
_bMovimientos de la dirección para obtener resultados con los clientes.
260 _aBarcelona
_bPearson
_c2006
650 0 _aEconomía
_9341
650 0 _aRELACIONES CON LOS CLIENTES.
_91701
942 _2ddc
_cLIBRO
999 _c16361
_d16361